| 000 | 01201nam a2200373Ia 4500 | ||
|---|---|---|---|
| 001 | dia_3311 | ||
| 003 | CHAP | ||
| 005 | 20251023152112.0 | ||
| 008 | 220117s2013 xx 000 0 und d | ||
| 010 | _a173785 | ||
| 020 | _a978-607-15-0925-3 | ||
| 040 | _cCHAP | ||
| 082 | _a631.1 M43 2013 | ||
| 100 |
_aBeer, Ferdinand P. _911260 |
||
| 245 |
_aMecánica vectorial para ingenieros : estática / _c Ferdinand P. Beer, E. Russell Johnston y David F. Mazurek ; traducción Jesús Elmer Murrieta Murrieta |
||
| 250 | _a10a ed. | ||
| 260 |
_aMéxico : _b McGraw-Hill, _c2013 |
||
| 300 | _axxii, 489 p. | ||
| 500 | _aTitulo original : Vector mechanics for engineers | ||
| 503 | _aD. | ||
| 590 | _aTA351 M43 2013 | ||
| 650 |
_aAnálisis Vectorial _95995 |
||
| 650 |
_aEstática _938334 |
||
| 650 |
_aMecánica _973810 |
||
| 650 |
_aMechanics _9151047 |
||
| 650 |
_aStatics _9153009 |
||
| 650 |
_aVector analysis _9154469 |
||
| 700 |
_aJohnston, E. Russell, coaut. _9146996 |
||
| 700 | 1 |
_aMurrieta Murrieta, Jesús Elmer _9154470 |
|
| 901 | _a631.1 M43 2013 | ||
| 902 | _aM | ||
| 905 | _a5232272013 mx da 8222123322spa16 | ||
| 942 |
_cLIBRO _2ddc |
||
| 999 |
_c173785 _d173785 |
||